书目信息 |
| 题名: |
高分子材料用有机助剂
|
|
| 作者: | 桂一枝 编 | |
| 分册: | ||
| 出版信息: | 北京 人民教育出版社 1981 |
|
| 页数: | 186页 | |
| 开本: | 21cm | |
| 丛书名: | ||
| 单 册: | ||
| 中图分类: | TQ314.24 | |
| 科图分类: | ||
| 主题词: | 高聚物--原料 , 高聚物--辅助材料 | |
| 电子资源: | ||
| ISBN: | ||
| 000 | 00667nam0 2200241 45 | |
| 001 | 0181003710 | |
| 005 | 20060331104851.70 | |
| 010 | @dCNY0.63 | |
| 091 | @a13012.0693 | |
| 100 | @a19950128d1981 em y0chiy0121 ea | |
| 101 | 0 | @achi |
| 102 | @aCN@b110000 | |
| 105 | @ay z 000yy | |
| 200 | 10 | @a高分子材料用有机助剂@Agao fen zi cai liao yong you ji zhu ji@f桂一枝编@Fgui yi zhi bian |
| 210 | @a北京@c人民教育出版社@d1981 | |
| 215 | @a186页@d21cm | |
| 606 | 0 | @a高聚物@x原料 |
| 606 | 0 | @a高聚物@x辅助材料 |
| 690 | @aTQ314.24@v4 | |
| 701 | 0 | @a桂一枝@Agui yi zhi@4编 |
| 801 | 2 | @aCN@bNLC@c20060331 |
| 801 | 0 | @aCN@b上海图书馆@c20040518 |
| 905 | @dTQ314.24@e2 | |
| 高分子材料用有机助剂/桂一枝编.-北京:人民教育出版社,1981 |
| 186页;21cm |
| ISBN :CNY0.63 |
| ● |
| 相关链接 |
|
|
|
|
正题名:高分子材料用有机助剂
索取号:TQ314.24/2
 
预约/预借
| 序号 | 登录号 | 条形码 | 馆藏地/架位号 | 状态 | 备注 |
| 1 | 0107851 | 202236231 | 密集书库/ [索取号:TQ314.24/2] | 在馆 | |
| 2 | 0107852 | 202236160 | 密集书库/ [索取号:TQ314.24/2] | 在馆 | |
| 3 | 0107853 | 202236222 | 密集书库/ [索取号:TQ314.24/2] | 在馆 | |
| 4 | 0107854 | 001647533 | 第三借阅区/ [索取号:TQ314.24/2] | 在馆 | |
| 5 | 0107855 | 001647436 | 第二样本阅览室/ [索取号:TQ314.24/2] | 在馆 |